01049 2200409 4500001002100000005001500021035002000036007000300056008004100059040001700100100002300117245001900140250001000159300003100169504003000200020001800230041000800248082000800256084001400264090001900278260003500297650002100332700002600353850001000379990001600389990001800405990001800423990001800441990002200459990002700481990002700508990002700535990001800562990001800580990001800598990002300616INLIS00000000000305720260529092834 a0010-0321000020ta260529 0  aSPPUPADbind0 aAbdul Muis Ba'dulu1 aMorfosintaksis aCet.1 a141 hlm. :bilus. ;c20 cm aBibliografi, hlm 142-145 a979-518-938-70 aind a415 a415 ABD m a415 ABD m 14-7 aJakarta :bRineka Cipta,c2005 4aBahasa Indonesia0 apengarang ke-2,Herman aPUPAD a3588/B/2007 a13859/BR/2010 a13857/BR/2010 a13858/BR/2010 a3588/B/ARPUS/2007 a3589/br/Arpus-pdg/2007 a3390/br/Arpus-pdg/2007 a3587/BR/ARPUS-PDG-2007 a13859/BR/2010 a13858/BR/2010 a13857/BR/2010 a3586/BR/ARPUS/2007